000 00357nam a22001457a 4500
008 230411b |||||||| |||| 00| 0 eng d
020 _a978-1-529-15764-2
082 _a813.54
100 _aAmor Towles
245 _aThe Lincoln Highway
260 _bPenguin Books,
_c2022
300 _a576 p.
_c20 cm
942 _2ddc
999 _c9542
_d9543